Voyage d'Italie, précédé des premières oeuvres, suivi de opuscules sur le théatre / (Record no. 15487)

MARC details
000 -LEADER
campo de control de longitud fija 00854nam a2200217 i 4500
001 - NÚMERO DE CONTROL
campo de control 15487
003 - IDENTIFICADOR DE NÚMERO DE CONTROL
campo de control ES-MaACL
005 - FECHA Y HORA DE LA ÚLTIMA TRANSACCIÓN
campo de control 20240314063021.0
007 - CAMPO FIJO DE DESCRIPCIÓN FÍSICA--INFORMACIÓN GENERAL
campo de control de longitud fija t|
008 - DATOS DE LONGITUD FIJA--INFORMACIÓN GENERAL
campo de control de longitud fija 000323s1967 fr ||||1| fre d
080 ## - NÚMERO DE LA CLASIFICACIÓN DECIMAL UNIVERSAL
Número de la Clasificación Decimal Universal 821.133.1-82"17"
100 1# - ENTRADA PRINCIPAL--NOMBRE DE PERSONA
Nombre de persona Sade,
Títulos y otros términos asociados al nombre marquis de,
Fechas asociadas al nombre 1740-1814
9 (RLIN) 101276
245 10 - MENCIÓN DEL TÍTULO
Título Voyage d'Italie, précédé des premières oeuvres, suivi de opuscules sur le théatre /
Mención de responsabilidad, etc. Marquis de Sade ; publiés pour la première fois sur les manuscrits autographes inédites par Gilbert Lely et Georges Daumas ; textes critiques par Pierre Klossowski ... [et al.].
260 ## - PUBLICACIÓN, DISTRIBUCIÓN, ETC.
Lugar de publicación, distribución, etc. [S.l.] :
Nombre del editor, distribuidor, etc. Tchou,
Fecha de publicación, distribución, etc. [1967]
300 ## - DESCRIPCIÓN FÍSICA
Extensión XXI, 660 p. ;
Dimensiones 21 cm.
700 1# - ENTRADA AGREGADA--NOMBRE PERSONAL
Nombre de persona Lely, Gilbert.
9 (RLIN) 71443
700 1# - ENTRADA AGREGADA--NOMBRE PERSONAL
Nombre de persona Daumas, Georges.
9 (RLIN) 42822
700 1# - ENTRADA AGREGADA--NOMBRE PERSONAL
Nombre de persona Klossowski, Pierre.
9 (RLIN) 68294
852 ## - LOCALIZACIÓN
Ubicación ES-MaACL
Número de control de estantería G-2118
Sublocalización o colección R.124525
Holdings
Estatus retirado Estado de pérdida Estado de daño No para préstamo Biblioteca de origen Biblioteca actual Ubicación en estantería Fecha de adquisición Fuente de adquisición Total de préstamos Signatura topográfica completa Código de barras Visto por última vez Precio de reemplazo Tipo de ítem Koha
        Biblioteca del Ateneo de Madrid Biblioteca del Ateneo de Madrid Depósito 2 17/01/2008     G-2118 1015744 23/02/2023 23/02/2023 Libro impreso